| 000 | 00943nam a2200265Ia 4500 | ||
|---|---|---|---|
| 003 | OSt | ||
| 005 | 20220925203404.0 | ||
| 006 | a|||||r|||| 00| 0 | ||
| 007 | ta | ||
| 008 | 220923b |||||||| |||| 00| 0 eng d | ||
| 020 |
_a9780822329497 _c1061.02 |
||
| 037 |
_bRKBA\09-10\4365, 09/06/2011, RAJKIRAN BOOK AGENCY _cGeneral Book |
||
| 040 |
_aRTL _cRTL _beng |
||
| 041 |
_2eng _aeng |
||
| 082 | _aY:3(NQ), P2 | ||
| 100 |
_aMYERS Fred R _9237883 |
||
| 245 | 0 |
_aPainting culture _b The Making of an aboriginal high art |
|
| 260 |
_aDurham _bDuke University Press _c2002 |
||
| 300 |
_axvii, 410p _ccm. |
||
| 490 | _aObjects/Histories: Critical Perspectives on Art, Material Culture, and Representation | ||
| 500 | _aBibliography: P 373-89; Appendix: P 363-64 | ||
| 650 | _aSociology | ||
| 942 |
_hY:3(NQ), P2 _cGB _2CC |
||
| 999 |
_c546188 _d546188 |
||